[Event "Florianopolis op"]
[Site "Florianopolis"]
[Date "2015.01.18"]
[Round "10"]
[White "De Almeida, Tiago"]
[Black "Dull, Amanda Paul"]
[Result "1-0"]
[WhiteElo "2019"]
[BlackElo "1867"]
[PlyCount "89"]
[EventDate "2015.01.14"]
[EventType "swiss"]
[EventRounds "10"]
[EventCountry "BRA"]
[SourceTitle "CBM 164 Extra"]
[Source "ChessBase"]
[SourceDate "2015.03.02"]
[SourceVersion "1"]
[SourceVersionDate "2015.03.02"]
[SourceQuality "1"]

1. e4 Nc6 2. Nc3 Nf6 3. d4 d5 4. e5 Ne4 5. Nxe4 dxe4 6. Bb5 Bd7 7. Ne2 Nxe5 8. Bxd7+ Nxd7 9. Nc3 f5 10. g4 e6 11. Rg1 Qh4 12. Bf4 c6 13. Qd2 Be7 14. gxf5 exf5 15. Rxg7 0-0-0 16. 0-0-0 Qf6 17. Rg2 Qf7 18. Kb1 Nb6 19. Be5 Rhg8 20. Rdg1 Bb4 21. Rg7 Qe6 22. Rc7+ Kb8 23. Rxg8 Rxg8 24. Re7+ Qxe5 25. Rxe5 Rg1+ 26. Qd1 Rxd1+ 27. Nxd1 Bd6 28. Rxf5 Bxh2 29. Rh5 Bd6 30. Rxh7 Nc4 31. Ne3 Nd2+ 32. Kc1 Nf3 33. c3 Ne1 34. Kd1 Nd3 35. Ke2 Nxb2 36. Rh4 Nd3 37. Rxe4 Nc1+ 38. Kd2 Nxa2 39. Kc2 Nxc3 40. Kxc3 a5 41. f4 b5 42. f5 a4 43. f6 b4+ 44. Kb2 Kc7 45. f7 1-0